000 00452nam a2200169Ia 4500
008 231217s9999 xx 000 0 und d
020 _a8172247672
041 _aEnglish
082 _a658.4013 WAN;1 R
100 _aWand, Peter
245 0 _a360 Degree feedback : a management tool
260 _c2004
_bJaico
_aMumbai
300 _axii+268
500 _aContent page available
650 _a360,Degree,feedback,:,management,tool
942 _cAA
999 _c178780
_d178780